[Event "18th ch-EUR Indiv w 2017"]
[Site "Riga LAT"]
[Date "2017.04.11"]
[Round "1.14"]
[White "Abdulla,K"]
[Black "Goryachkina,A"]
[Result "0-1"]
[WhiteElo "2241"]
[BlackElo "2452"]

1.e4 e6 2.d4 d5 3.Nc3 Nf6 4.Bg5 dxe4 5.Nxe4 Be7 6.Bxf6 gxf6 7.Nf3 f5 8.Nc3 a6
9.Qd2 b5 10.O-O-O Qd6 11.Be2 Nd7 12.Qe3 Bb7 13.Ne5 Rg8 14.f4 Nxe5 15.dxe5 Qb6
16.Qh3 b4 17.Na4 Qf2 18.Bf3 Bxf3 19.Qxf3 Qxg2 20.Qe3 Qc6 21.Rhg1 Rxg1 22.Rxg1
Qxa4 23.Rg8+ Bf8 24.Qc5 Kd7 25.Rxf8 Rxf8 26.Qxf8 Qxa2 27.Qxf7+ Kc6 28.Qxh7
Qa1+ 29.Kd2 Qxb2 30.Qg8 Qd4+ 31.Ke2 Qe4+ 32.Kd1 Qh1+ 33.Ke2 Qxh2+ 34.Ke3 Qh3+
35.Kf2 Qh4+ 36.Ke3 Qe1+ 37.Kf3 Qc3+ 38.Kg2 Qxc2+ 39.Kh3 Qc3+ 40.Kg2 Qd2+
41.Kf3 Qd5+ 42.Kg3 Kb7 {#R} 0-1

[Event "18th ch-EUR Indiv w 2017"]
[Site "Riga LAT"]
[Date "2017.04.11"]
[Round "1.17"]
[White "Khotenashvili,B"]
[Black "Kantane,Anna"]
[Result "1-0"]
[WhiteElo "2445"]
[BlackElo "2230"]

1.c4 e5 2.Nc3 Nc6 3.g3 Bc5 4.Bg2 a6 5.e3 Ba7 6.b3 d6 7.Bb2 Nf6 8.Nge2 h5 9.h3
Bf5 10.d3 Qd7 11.Qd2 O-O-O 12.a3 Be6 13.Nd5 Ne7 14.Nec3 c6 15.Nxe7+ Qxe7 16.b4
d5 17.c5 Nd7 18.h4 f5 19.Ne2 Bb8 20.d4 exd4 21.Bxd4 Nf6 22.Qb2 Rhf8 23.a4 Bd7
24.Nf4 Be8 25.O-O g6 26.b5 Bxf4 27.bxa6 Bb8 28.Rfb1 Ne4 29.Qb6 Nd2 30.a7 Bxa7
31.Qxa7 Nxb1 32.Rxb1 Qc7 33.f4 Qb8 34.Qa5 Kd7 35.Be5 Qc8 36.Rb6 Ke6 37.Qb4 Rd7
38.a5 Qa8 39.a6 bxa6 40.Qa4 Rb7 41.Bxd5+ Kxd5 42.Qb3+ {#r} 1-0

[Event "18th ch-EUR Indiv w 2017"]
[Site "Riga LAT"]
[Date "2017.04.11"]
[Round "1.20"]
[White "Gevorgyan,M"]
[Black "Zhukova,N"]
[Result "0-1"]
[WhiteElo "2227"]
[BlackElo "2438"]

1.e4 e6 2.d4 d5 3.Nc3 Bb4 4.e5 c5 5.a3 Bxc3+ 6.bxc3 Ne7 7.Nf3 b6 8.Bb5+ Bd7
9.Bd3 Ba4 10.h4 h6 11.h5 c4 12.Bf1 Kd7 13.Rh4 Qg8 14.Rf4 Nbc6 15.Nd2 g5 16.Rf6
Qh7 17.Ra2 Rhf8 18.g4 Ng8 19.Rf3 f6 20.Re3 f5 21.Bh3 Nge7 22.Re2 fxg4 23.Bxg4
Nf5 24.Rb2 Kc7 25.Nf1 Nh4 26.Ng3 Nf3+ 27.Bxf3 Rxf3 28.Re3 Rf7 29.Qg4 Kd7
30.Re2 Raf8 31.Be3 Rf3 32.Kf1 Qe7 33.Ra2 Qf7 34.Kg2 Rf4 35.Bxf4 gxf4 36.Qf3
Qg7 37.Kh3 fxg3 38.Qxg3 Qf7 39.Kh4 Rg8 40.Qe3 Ne7 {#R} 0-1

[Event "18th ch-EUR Indiv w 2017"]
[Site "Riga LAT"]
[Date "2017.04.11"]
[Round "1.22"]
[White "Lickrastina,Agnese"]
[Black "Atalik,E"]
[Result "0-1"]
[WhiteElo "2223"]
[BlackElo "2429"]

1.e4 e5 2.Nf3 Nc6 3.Bc4 Bc5 4.c3 Nf6 5.d3 O-O 6.O-O d5 7.exd5 Nxd5 8.b4 Be7
9.Re1 Bf6 10.Bb2 Nf4 11.Re3 Bf5 12.Qf1 a6 13.a4 Rb8 14.Na3 Re8 15.Rd1 Qd7
16.Bb3 Rbd8 17.Bc2 Nd5 18.Ree1 Bg4 19.b5 Nce7 20.d4 Bxf3 21.gxf3 exd4 22.cxd4
axb5 23.axb5 Nf4 24.Re4 Ned5 25.Kh1 Be7 26.Rde1 g6 27.Bc1 Bb4 28.Rxe8+ Rxe8
29.Rxe8+ Qxe8 30.Be4 f5 31.Bxf4 fxe4 32.Nc2 Nxf4 33.Nxb4 exf3 34.Nc2 Qe2
35.Qxe2 fxe2 36.Ne1 Kf7 37.h4 Ne6 38.d5 Nf4 {#R} 0-1

[Event "18th ch-EUR Indiv w 2017"]
[Site "Riga LAT"]
[Date "2017.04.11"]
[Round "1.23"]
[White "Kashlinskaya,A"]
[Black "Zherebtsova,A"]
[Result "0-1"]
[WhiteElo "2426"]
[BlackElo "2222"]

1.d4 d5 2.c4 c6 3.Nf3 Nf6 4.e3 g6 5.Nc3 Bg7 6.Bd3 O-O 7.O-O Be6 8.Qe2 dxc4
9.Bxc4 Bxc4 10.Qxc4 Nbd7 11.e4 Qb8 12.Bg5 e5 13.Rad1 Nb6 14.Qe2 exd4 15.Nxd4
Re8 16.Bxf6 Bxf6 17.f4 Qc7 18.e5 Bg7 19.Ne4 Nd5 20.Qf2 Rad8 21.Kh1 f6 22.exf6
Rxe4 23.fxg7 Qxg7 24.f5 Ne3 25.f6 Nxd1 26.Qf3 Qd7 27.Qxe4 Qxd4 28.Qf3 Nf2+
29.Kg1 Ng4+ 30.Kh1 Nxf6 31.Qb3+ Qd5 32.Qxb7 Qb5 33.Qxb5 cxb5 34.Kg1 Kg7 35.Rc1
Rd7 36.Rc5 Rd1+ {#R} 0-1

[Event "18th ch-EUR Indiv w 2017"]
[Site "Riga LAT"]
[Date "2017.04.11"]
[Round "1.33"]
[White "Nechaeva,Marina"]
[Black "Sazonova,A"]
[Result "0-1"]
[WhiteElo "2395"]
[BlackElo "2143"]

1.d4 d5 2.c4 c6 3.Nf3 Nf6 4.e3 Bf5 5.Nc3 e6 6.Nh4 Be4 7.f3 Bg6 8.Qb3 Qc7 9.Bd2
Be7 10.Nxg6 hxg6 11.g3 a6 12.Rc1 dxc4 13.Bxc4 c5 14.dxc5 Nc6 15.Qb6 Qd7 16.Be2
Rd8 17.Rc2 Rh5 18.Na4 Rd5 19.Kf2 Rxd2 20.Rxd2 Qxd2 21.Qxb7 Ne5 22.Rd1 Nfg4+
23.fxg4 Nxg4+ 24.Kg1 Qxe3+ {#R} 0-1

[Event "ch-DEN 2017"]
[Site "Skorping DEN"]
[Date "2017.04.11"]
[Round "4.5"]
[White "Sylvan,J"]
[Black "Rasmussen,Kar"]
[Result "0-1"]
[WhiteElo "2425"]
[BlackElo "2449"]

1.e4 c6 2.d4 d5 3.e5 Bf5 4.Nf3 e6 5.Be2 Ne7 6.O-O Ng6 7.Be3 Nd7 8.Nbd2 f6 9.h3
fxe5 10.g4 e4 11.gxf5 exf5 12.Bg5 Be7 13.Bxe7 Qxe7 14.Nh2 Nf4 15.Kh1 Nxh3
16.Qe1 O-O 17.Nb3 Qg5 18.Qc3 Qh6 19.Rae1 Nf6 20.Nc5 f4 21.Qb3 f3 22.Bxf3 exf3
23.Qxf3 Ne4 {#R} 0-1

[Event "ch-FAI 2017"]
[Site "Runavik FAI"]
[Date "2017.04.11"]
[Round "2.2"]
[White "Poulsen,Ma"]
[Black "Nielsen,Ho"]
[Result "1-0"]
[WhiteElo "2222"]
[BlackElo "2307"]

1.g3 Nf6 2.Bg2 d5 3.d3 c6 4.Nd2 Bf5 5.e4 dxe4 6.dxe4 Bg6 7.Qe2 Na6 8.Ngf3 Qc7
9.O-O e5 10.b3 Be7 11.Bb2 Nd7 12.Nc4 f6 13.Nh4 Ndc5 14.Nxg6 hxg6 15.Qg4 Rh6
16.Rad1 Qc8 17.Qe2 Qe6 18.Bc1 Rh8 19.f4 Nd7 20.Bf3 exf4 21.Bxf4 Bc5+ 22.Kh1
O-O-O 23.Nd6+ Bxd6 24.Rxd6 Qe7 25.Rxc6+ {#r} 1-0

[Event "TV2 GM Open 2017"]
[Site "Fagernes NOR"]
[Date "2017.04.11"]
[Round "3.7"]
[White "Chatalbashev,B"]
[Black "Al Tarbosh,W"]
[Result "1-0"]
[WhiteElo "2546"]
[BlackElo "2219"]

1.Nf3 d5 2.g3 Nf6 3.Bg2 Bf5 4.O-O Nbd7 5.c4 e6 6.cxd5 exd5 7.Nc3 c6 8.d3 Be7
9.Nd4 Bg6 10.e4 O-O 11.Re1 Ne5 12.Bf4 Bd6 13.exd5 Nxd3 14.Bxd6 Qxd6 15.Re3
Nxb2 16.Qe2 Nd3 17.Rxd3 Bxd3 18.Qxd3 cxd5 19.Rd1 Rfd8 20.Nf5 Qe5 21.Nxd5 Nxd5
22.Bxd5 Rd7 23.Ne3 Rad8 24.Qb3 Qf6 25.Rc1 h5 26.h4 g6 27.a4 Qe5 28.Rd1 Qc7
29.Qd3 Kh7 30.Qd4 a6 31.g4 Rd6 32.gxh5 Qe7 33.hxg6+ fxg6 34.Qf4 b6 35.Ng4 Qxh4
36.Kg2 Rf8 37.Qc4 Rxd5 38.Rh1 Qxh1+ 39.Kxh1 Rc5 40.Qxa6 Rf4 41.Qb7+ Kh8
42.Qb8+ Kh7 43.Qb7+ Kg8 {#r} 1-0

[Event "TV2 GM Open 2017"]
[Site "Fagernes NOR"]
[Date "2017.04.11"]
[Round "3.9"]
[White "Liang,Awonder"]
[Black "Lillevold,F"]
[Result "1-0"]
[WhiteElo "2483"]
[BlackElo "2135"]

1.e4 e5 2.Nf3 Nc6 3.Bb5 Nf6 4.d3 Bc5 5.Bxc6 dxc6 6.Qe2 Nd7 7.Be3 Bxe3 8.Qxe3
c5 9.Nc3 O-O 10.O-O-O a5 11.g4 Re8 12.g5 Nf8 13.Rdg1 Qd6 14.h4 c6 15.h5 a4
16.g6 fxg6 17.hxg6 Nxg6 18.Qg5 Re7 19.Nh4 Nf8 20.Nf5 Bxf5 21.exf5 Rf7 22.Ne4
Qd8 23.f6 g6 24.Qxe5 Qd5 25.f4 Qxa2 26.f5 Qd5 27.fxg6 Nxg6 28.Qh2 Qf5 29.Rg5
Qf3 30.Rxg6+ Kf8 31.Qd6+ Ke8 32.Rg8+ Rf8 33.Qe7# 1-0

[Event "TV2 GM Open 2017"]
[Site "Fagernes NOR"]
[Date "2017.04.11"]
[Round "3.11"]
[White "Jarvenpaa,J"]
[Black "Hedman,E"]
[Result "0-1"]
[WhiteElo "2244"]
[BlackElo "2367"]

1.e4 c5 2.c3 Nf6 3.e5 Nd5 4.d4 cxd4 5.Nf3 e6 6.cxd4 d6 7.Bc4 Be7 8.O-O O-O
9.Qe2 b6 10.Bxd5 exd5 11.Re1 Nc6 12.Qb5 Bd7 13.exd6 Bxd6 14.Qxd5 Qc7 15.Na3
Nb4 16.Qh5 Nd3 17.Rd1 Rac8 18.Qg5 h6 19.Qe3 Nf4 20.Ne5 f6 21.Nxd7 Qxd7 22.Qb3+
Kh8 23.Bxf4 Bxf4 24.g3 Bd6 25.Nb5 Bb8 26.a4 f5 27.f4 g5 28.fxg5 f4 29.Rd3 fxg3
30.hxg3 Qf5 31.Rd2 Qxg5 32.Rd3 Qf5 33.Na3 Qf2+ 34.Kh1 Rf5 35.Qd1 Re8 36.Qg4
Re1+ 37.Rxe1 Qxe1+ 38.Kh2 Rf2+ 39.Kh3 Qh1# 0-1

[Event "TV2 GM Open 2017"]
[Site "Fagernes NOR"]
[Date "2017.04.11"]
[Round "3.13"]
[White "Hobber,A"]
[Black "Gronnestad,A"]
[Result "1-0"]
[WhiteElo "2297"]
[BlackElo "1966"]

1.d4 d5 2.Bf4 Nf6 3.e3 Bf5 4.Bd3 Bg6 5.Nf3 Nbd7 6.O-O e6 7.c4 Be7 8.Nc3 c6
9.h3 O-O 10.Bxg6 hxg6 11.Qd3 dxc4 12.Qxc4 Nd5 13.Bh2 N7f6 14.Qe2 Qa5 15.Rac1
Bb4 16.Qc2 Be7 17.Rfd1 Rac8 18.e4 Nb4 19.Qb3 c5 20.a3 Nd3 21.Rxd3 c4 22.Qxb7
cxd3 23.Qxe7 Nxe4 24.Qb4 d2 25.Rd1 Qxb4 26.axb4 Nxc3 27.bxc3 Rxc3 28.Bf4 Rd8
29.Bxd2 Ra3 30.Rc1 f6 31.Rc7 Rd5 32.Kf1 g5 33.Ke2 Ra2 34.Kd3 Kf8 35.Kc3 Ra3+
36.Kb2 Ra6 37.Bc3 Kg8 38.Nd2 Rdd6 39.Ne4 Rdc6 40.Rd7 Kf8 41.Nc5 Rd6 42.Rb7
Rac6 43.Rxa7 {#r} 1-0

[Event "TV2 GM Open 2017"]
[Site "Fagernes NOR"]
[Date "2017.04.11"]
[Round "4.2"]
[White "Vovk,A"]
[Black "Hauge,Lars Oskar"]
[Result "1-0"]
[WhiteElo "2636"]
[BlackElo "2450"]

1.e4 e5 2.Nf3 Nc6 3.Bc4 Nf6 4.Ng5 d5 5.exd5 Na5 6.Bb5+ c6 7.dxc6 bxc6 8.Be2 h6
9.Nh3 Bc5 10.d3 Qd4 11.c3 Qh4 12.b4 Bxh3 13.g3 Ne4 14.bxc5 {#r} 1-0

[Event "TV2 GM Open 2017"]
[Site "Fagernes NOR"]
[Date "2017.04.11"]
[Round "4.6"]
[White "Aradhya,Garg"]
[Black "Chatalbashev,B"]
[Result "0-1"]
[WhiteElo "2315"]
[BlackElo "2546"]

1.d4 Nf6 2.c4 g6 3.Nf3 Bg7 4.g3 c5 5.Bg2 Qa5+ 6.Bd2 Qb6 7.Nc3 cxd4 8.Na4 Qd8
9.Nxd4 Nc6 10.Bc3 O-O 11.O-O Rb8 12.Rc1 Nxd4 13.Bxd4 b6 14.Nc3 Bb7 15.e4 d6
16.Qe2 Nd7 17.Be3 a5 18.Rfd1 Nc5 19.b3 Qd7 20.Nd5 Bxd5 21.exd5 Rfc8 22.h4 b5
23.Kh2 Rc7 24.Bh3 Qe8 25.h5 b4 26.hxg6 hxg6 27.Bd4 Qf8 28.f4 Bxd4 29.Rxd4 Qg7
30.Qe3 a4 31.f5 g5 32.Rf1 axb3 33.axb3 Ra8 34.f6 exf6 35.Rd2 Ra3 36.Rdf2 Rxb3
37.Qe2 Nd3 38.Bf5 Nxf2 39.Rxf2 Ra3 40.c5 Rxc5 41.Qe7 Qh6+ 42.Kg2 Rc1 43.Bh7+
Kg7 {#R} 0-1

[Event "TV2 GM Open 2017"]
[Site "Fagernes NOR"]
[Date "2017.04.11"]
[Round "4.7"]
[White "Hedman,E"]
[Black "Greenfeld,A"]
[Result "0-1"]
[WhiteElo "2367"]
[BlackElo "2550"]

1.d4 e6 2.c4 b6 3.e4 Bb7 4.Bd3 Bb4+ 5.Bd2 Bxd2+ 6.Nxd2 Qf6 7.Ngf3 Nc6 8.e5 Qf4
9.g3 Qg4 10.h3 Qh5 11.Qe2 f6 12.O-O-O O-O-O 13.Rhe1 Nge7 14.Be4 Kb8 15.exf6
gxf6 16.Bxc6 Nxc6 17.h4 Qf5 18.a3 Na5 19.Nh2 Ba6 20.Qg4 Nxc4 21.Qxf5 exf5
22.Nxc4 Bxc4 23.d5 Rhe8 24.Rxe8 Rxe8 25.Rd4 Re1+ 26.Kd2 Re2+ 27.Kc3 Ba2 28.Rf4
Bxd5 29.Rxf5 Be4 30.Rxf6 c5 31.Ng4 d5 32.Ne5 d4+ 33.Kc4 Rxb2 34.f3 Rc2+ 35.Kb5
Bd5 {#R} 0-1

[Event "TV2 GM Open 2017"]
[Site "Fagernes NOR"]
[Date "2017.04.11"]
[Round "4.9"]
[White "Wallace,JP"]
[Black "Westerinen,H"]
[Result "1-0"]
[WhiteElo "2404"]
[BlackElo "2314"]

1.e4 e6 2.d4 d5 3.Nc3 Bb4 4.e5 b6 5.Qg4 Bf8 6.Nf3 Qd7 7.h4 Ba6 8.h5 Bxf1
9.Kxf1 h6 10.a4 Nc6 11.Ne2 O-O-O 12.Bd2 a6 13.a5 b5 14.Nf4 Kb8 15.Nd3 Rh7
16.b3 Ka7 17.Rh3 b4 18.c3 bxc3 19.Bxc3 Rb8 20.Nd2 Rb5 21.Kg1 Qe8 22.b4 Nge7
23.Rc1 Nf5 24.Qd1 Rh8 25.Nb3 g6 26.hxg6 fxg6 27.g4 Ng7 28.Bd2 Be7 29.Qc2 Nb8
30.Rxh6 c6 31.Rxh8 Qxh8 32.Nf4 g5 33.Ng6 Qh3 34.Nxe7 Qxg4+ 35.Kf1 Qh3+ 36.Ke1
Qh1+ 37.Ke2 Qh5+ 38.Kd3 Qf3+ 39.Be3 Qe4+ 40.Kc3 Rb7 41.Qxe4 dxe4 42.d5+ {#r}
1-0

[Event "TV2 GM Open 2017"]
[Site "Fagernes NOR"]
[Date "2017.04.11"]
[Round "4.10"]
[White "Hobber,A"]
[Black "Eggleston,D"]
[Result "0-1"]
[WhiteElo "2297"]
[BlackElo "2394"]

1.d4 Nf6 2.Bf4 d5 3.e3 c5 4.c3 Nc6 5.Nd2 Qb6 6.Qb3 Qxb3 7.axb3 e6 8.h3 Be7
9.Ngf3 O-O 10.Be2 b6 11.Ba6 Nd7 12.Bxc8 Rfxc8 13.Ke2 a5 14.Ne1 b5 15.dxc5 Nxc5
16.Nd3 Nxd3 17.Kxd3 e5 18.Bg3 d4 19.e4 Rd8 20.Ke2 b4 21.c4 d3+ 22.Kd1 Bc5
23.Nf3 f6 24.Kd2 a4 {#R} 0-1

[Event "TV2 GM Open 2017"]
[Site "Fagernes NOR"]
[Date "2017.04.11"]
[Round "4.12"]
[White "Kazakovskiy,Valeriy"]
[Black "Bentsen,H"]
[Result "1-0"]
[WhiteElo "2454"]
[BlackElo "2074"]

1.d4 Nf6 2.Nf3 d5 3.c4 e6 4.g3 Be7 5.Bg2 O-O 6.O-O dxc4 7.Ne5 Nc6 8.Bxc6 bxc6
9.Nxc6 Qe8 10.Nxe7+ Qxe7 11.Qa4 e5 12.dxe5 Qxe5 13.Nc3 Bb7 14.Bf4 Qh5 15.Qb5
Qxb5 16.Nxb5 Nd5 17.Nxc7 Nxc7 18.Bxc7 Rac8 19.Ba5 Rfe8 20.Rfe1 Rc5 21.Bc3 Rd5
22.f3 h5 23.h4 Bc6 24.Kf2 Ba4 25.Rg1 Red8 26.g4 g6 27.gxh5 Rxh5 28.Rg4 Bb5
29.Rg5 Rd5 30.Rxh5 gxh5 31.Rg1+ Kf8 32.e4 {#r} 1-0

[Event "TV2 GM Open 2017"]
[Site "Fagernes NOR"]
[Date "2017.04.11"]
[Round "4.14"]
[White "Al Tarbosh,W"]
[Black "Risting,Eivind Olav"]
[Result "0-1"]
[WhiteElo "2219"]
[BlackElo "2250"]

1.e4 c6 2.Nf3 d5 3.Nc3 Nf6 4.e5 Ne4 5.Ne2 Qb6 6.d4 e6 7.Ng3 c5 8.c3 Nc6 9.Bd3
Nxg3 10.hxg3 cxd4 11.cxd4 Bb4+ 12.Kf1 Bd7 13.g4 a5 14.Rh5 g6 15.Rh3 Rc8 16.Be3
Be7 17.Kg1 Qxb2 18.Rb1 Qxa2 19.Rxb7 Nb4 20.Ng5 Qa3 21.Bf1 Nc2 22.Rxd7 Kxd7
23.Bb5+ Kc7 24.Qxc2+ Kb6 25.Qe2 Qb3 26.Bd3 Rc3 27.Bd2 Bxg5 28.Bxg5 Rhc8 29.Bd2
a4 30.Bxc3 Rxc3 31.Qf1 Qb2 32.Re3 Rc1 33.Re1 Rxe1 34.Qxe1 a3 35.Bb1 Qxd4
36.Ba2 Qb2 37.Qe3+ d4 38.Qb3+ Qxb3 39.Bxb3 Kc5 40.Kf1 Kb4 41.Ba2 Kc3 42.Ke2
Kc2 43.Bc4 d3+ 44.Bxd3+ Kc3 {#R} 0-1

[Event "TV2 GM Open 2017"]
[Site "Fagernes NOR"]
[Date "2017.04.11"]
[Round "4.15"]
[White "Gronnestad,A"]
[Black "Jarvenpaa,J"]
[Result "0-1"]
[WhiteElo "1966"]
[BlackElo "2244"]

1.Nf3 Nf6 2.c4 e6 3.g3 d5 4.Bg2 dxc4 5.Qa4+ Bd7 6.Qxc4 c5 7.O-O Bc6 8.b3 Nbd7
9.Bb2 Be7 10.Qc2 O-O 11.d3 b5 12.Nbd2 Qb6 13.Rac1 Rfc8 14.Qb1 Qb7 15.a3 a5
16.e4 a4 17.e5 Ng4 18.bxa4 Ngxe5 19.Bxe5 Nxe5 20.Nxe5 Bxg2 21.Rfe1 Rxa4 22.f3
Bh3 23.Qb3 c4 24.dxc4 Qa7+ 25.Kh1 Qf2 26.Rg1 Qxd2 27.Rcd1 Rxa3 28.Qb1 Qe2
29.Rde1 Qf2 {#R} 0-1

[Event "TV2 GM Open 2017"]
[Site "Fagernes NOR"]
[Date "2017.04.11"]
[Round "4.16"]
[White "Lillevold,F"]
[Black "Ranaldi,Lucas"]
[Result "0-1"]
[WhiteElo "2135"]
[BlackElo "2309"]

1.d4 Nf6 2.c4 e6 3.Nc3 Bb4 4.e3 b6 5.Nf3 Bb7 6.Bd3 O-O 7.O-O c5 8.a3 Bxc3
9.bxc3 d6 10.Nd2 e5 11.d5 Nbd7 12.e4 g6 13.g3 Nh5 14.Ra2 Ng7 15.f4 exf4
16.gxf4 f5 17.Nf3 fxe4 18.Bxe4 Nf6 19.Bd3 Bc8 20.Ng5 Bg4 21.Qe1 Qd7 22.a4 Rae8
23.Qd2 Bf5 24.a5 bxa5 25.Rxa5 Ne4 26.Qa2 Nxg5 27.Rxa7 Nh3+ 28.Kh1 Qxa7 29.Qxa7
Bxd3 30.Kg2 Bxf1+ 31.Kxf1 Nxf4 32.Bxf4 Rxf4+ 33.Kg2 Ref8 34.Qd7 Rf2+ 35.Kg3
Nh5+ 36.Kh4 Rxh2+ 37.Kg5 Rf5+ 38.Kh6 Nf6# 0-1

[Event "TV2 GM Open 2017"]
[Site "Fagernes NOR"]
[Date "2017.04.11"]
[Round "4.18"]
[White "Ingebretsen,Jens E"]
[Black "Aroven,M"]
[Result "1-0"]
[WhiteElo "2032"]
[BlackElo "2097"]

1.e4 d6 2.d4 g6 3.Nf3 Bg7 4.Nc3 c6 5.Bc4 b5 6.Bb3 b4 7.Ne2 Nf6 8.Ng3 O-O 9.O-O
a5 10.a3 Ba6 11.Re1 e6 12.Bg5 h6 13.Be3 Ng4 14.Bf4 e5 15.dxe5 Qb6 16.Qxd6 a4
17.Qxg6 Qxf2+ 18.Kh1 axb3 19.Qxg4 Kh8 20.Bxh6 {#r} 1-0

[Event "TV2 IM 2017"]
[Site "Fagernes NOR"]
[Date "2017.04.11"]
[Round "3.2"]
[White "Niemi,K"]
[Black "Kaasen,Tor Fredrik"]
[Result "0-1"]
[WhiteElo "2337"]
[BlackElo "2410"]

1.Nf3 Nf6 2.c4 g6 3.Nc3 Bg7 4.e4 d6 5.d4 O-O 6.Be2 e5 7.O-O Nc6 8.d5 Ne7 9.b4
a5 10.Ba3 axb4 11.Bxb4 b6 12.a4 Re8 13.Qd3 Nf5 14.a5 Nd4 15.axb6 Rxa1 16.Rxa1
cxb6 17.Bd1 Nh5 18.Nxd4 exd4 19.Nb5 Nf4 20.Qf3 Be5 21.Ra7 f5 22.exf5 Bxf5
23.g4 Bd3 24.Nxd4 Qh4 25.Kh1 Bxc4 26.Bb3 Bf1 27.Kg1 Bg2 28.Qg3 Nh3+ 29.Kxg2
Bxg3 30.hxg3 Qxg4 31.Bxd6 Ng5 32.Be7 Qe4+ 33.f3 Qxd4 34.d6+ Nf7 35.Be6 Qd1
36.Ra2 Kg7 37.Bxf7 Rxe7 38.dxe7 Kxf7 {#R} 0-1

[Event "TV2 IM 2017"]
[Site "Fagernes NOR"]
[Date "2017.04.11"]
[Round "3.4"]
[White "Pruijssers,R"]
[Black "Nyland,T"]
[Result "1-0"]
[WhiteElo "2504"]
[BlackElo "2104"]

1.e4 e6 2.d4 d5 3.Nd2 dxe4 4.Nxe4 Nd7 5.Nf3 Ngf6 6.Bd3 Nxe4 7.Bxe4 Nf6 8.Bg5
Be7 9.Bd3 c5 10.dxc5 Bxc5 11.Qe2 O-O 12.O-O-O Qe7 13.Ne5 h6 14.Bh4 g5 15.Bg3
{#r} 1-0

[Event "TV2 IM 2017"]
[Site "Fagernes NOR"]
[Date "2017.04.11"]
[Round "4.2"]
[White "Lie,Es"]
[Black "Getz,N"]
[Result "1-0"]
[WhiteElo "2449"]
[BlackElo "2403"]

1.Nf3 Nf6 2.g3 g6 3.Bg2 Bg7 4.O-O O-O 5.c4 d6 6.Nc3 c5 7.a3 Nc6 8.Rb1 d5
9.cxd5 Nxd5 10.Qc2 Nxc3 11.dxc3 c4 12.e4 b5 13.Rd1 Qc7 14.Be3 a5 15.Nd4 Rb8
16.a4 Nxd4 17.cxd4 bxa4 18.Qxa4 Bd7 19.Qa3 Rb3 20.Qxe7 Re8 21.Qg5 Qb6 22.Qc5
Qxc5 23.dxc5 Bb5 24.e5 Bxe5 25.c6 a4 26.Bb6 Bxb2 27.c7 Bf6 28.Rbc1 a3 29.Ra1
Bxa1 30.Rd8 Bf6 31.Rxe8+ Bxe8 32.c8=Q Rb1+ 33.Bf1 a2 34.Qxe8+ Kg7 35.Bc5 Rxf1+
36.Kg2 Rg1+ 37.Kf3 g5 38.Bf8+ Kg6 39.Qe4+ {#r} 1-0

[Event "TV2 IM 2017"]
[Site "Fagernes NOR"]
[Date "2017.04.11"]
[Round "4.4"]
[White "Merkesvik,Sondre"]
[Black "Niemi,K"]
[Result "0-1"]
[WhiteElo "2239"]
[BlackElo "2337"]

1.Nf3 d5 2.d4 Nf6 3.c4 c6 4.g3 Bf5 5.Bg2 e6 6.O-O Nbd7 7.b3 Bd6 8.Nc3 Ne4
9.Bb2 Qa5 10.Qc1 Bb4 11.Nb1 O-O 12.Nh4 Be7 13.Nxf5 exf5 14.e3 Rfe8 15.Nc3 Ndf6
16.Ne2 g6 17.Qc2 Rad8 18.Nf4 Bf8 19.Rfd1 Rd7 20.a3 h5 21.b4 Qd8 22.Nd3 Bd6
23.b5 h4 24.c5 Bb8 25.bxc6 bxc6 26.Nb4 Re6 27.Na6 hxg3 28.hxg3 Rb7 29.Bc3 Nxf2
30.Qxf2 Ng4 31.Qd2 Bxg3 32.Re1 Bf2+ 33.Qxf2 Nxf2 34.Kxf2 Qh4+ 35.Kg1 Rbe7
36.Bd2 f4 37.Re2 Qg4 38.Kf2 f3 39.Bxf3 Rf6 {#R} 0-1

[Event "TV2 Elo Open 2017"]
[Site "Fagernes NOR"]
[Date "2017.04.11"]
[Round "3"]
[White "Nesheim,Mathias"]
[Black "Johansen,Ka"]
[Result "1-0"]
[WhiteElo "1996"]
[BlackElo "1929"]

1.e4 c6 2.d4 d5 3.e5 Bf5 4.Nf3 e6 5.Be2 c5 6.Be3 Qb6 7.Nc3 c4 8.Qc1 Nc6 9.O-O
Nge7 10.Bxc4 dxc4 11.d5 Qa5 12.dxc6 Nxc6 13.Rd1 Be7 14.Bg5 Bg4 15.Bxe7 Bxf3
16.gxf3 Nxe7 17.Qd2 O-O 18.f4 Rfd8 19.Qe2 b5 20.Ne4 Nf5 21.c3 Qc7 22.Rxd8+
Rxd8 23.Rd1 Kf8 24.Rd2 Ke7 25.Ng3 Nh4 26.Rxd8 Qxd8 27.Qh5 Ng6 28.Ne4 Qd3
29.Qg5+ Ke8 30.Nd6+ Kd7 31.Nxf7 Kc6 32.Nd6 Qf3 33.Qd8 Qd1+ 34.Kg2 Nxf4+ 35.Kg3
Nd5 36.Qa8+ Kc5 37.Ne4+ Kb6 38.Qd8+ Ka6 39.Nc5# 1-0

[Event "TV2 Elo Open 2017"]
[Site "Fagernes NOR"]
[Date "2017.04.11"]
[Round "3"]
[White "Lindbol,Aleksander"]
[Black "Nass,Sara"]
[Result "1-0"]
[WhiteElo "1971"]
[BlackElo "1909"]

1.c4 Nf6 2.Nf3 g6 3.Nc3 Bg7 4.d4 O-O 5.e3 d6 6.Be2 c5 7.O-O Nc6 8.b3 a6 9.Bb2
Bd7 10.Qd2 Rb8 11.Rfd1 Qc7 12.Rac1 Na5 13.dxc5 dxc5 14.Nd5 Nxd5 15.Bxg7 Kxg7
16.cxd5 b6 17.b4 Nb7 18.Bxa6 Ba4 19.Re1 Qd6 20.e4 cxb4 21.e5 Qd7 22.e6 fxe6
23.Bxb7 Rxb7 24.Nd4 Kg8 25.Nxe6 Rf6 26.Qxb4 Qxd5 27.Rc8+ Kf7 28.Rf8# 1-0

[Event "TV2 Elo Open 2017"]
[Site "Fagernes NOR"]
[Date "2017.04.11"]
[Round "3"]
[White "Rolstad,Morten"]
[Black "Wetle Hoem,T"]
[Result "0-1"]
[WhiteElo "1668"]
[BlackElo "1965"]

1.e4 c5 2.Nf3 d6 3.Bb5+ Bd7 4.Bxd7+ Qxd7 5.O-O Nc6 6.Qe2 g6 7.Rd1 Bg7 8.c3 e5
9.Na3 Nge7 10.Nc2 d5 11.exd5 Qxd5 12.d3 O-O 13.d4 cxd4 14.cxd4 exd4 15.Qd3
Rad8 16.Bg5 Rd7 17.Rd2 Nf5 18.Rad1 Qxa2 19.b3 Qa5 20.g4 Nd6 21.Bf4 Nb5 22.Ra1
Qb6 23.h4 Nc3 24.Kg2 Nd5 25.Bg3 Ndb4 26.Nxb4 Nxb4 27.Qe4 Qc6 28.Qxc6 Nxc6
29.b4 d3 30.Rb1 Bc3 31.Rdd1 Bxb4 32.g5 a5 33.Nh2 f5 34.gxf6 Rxf6 35.Ng4 Re6
36.Rb3 h5 37.Ne3 d2 38.Rbb1 Nd4 39.Bf4 Ne2 {#R} 0-1

[Event "TV2 Elo Open 2017"]
[Site "Fagernes NOR"]
[Date "2017.04.11"]
[Round "3"]
[White "Dahl,Torbjorn"]
[Black "Ranby,H"]
[Result "0-1"]
[WhiteElo "1962"]
[BlackElo "1891"]

1.e4 b6 2.d4 Bb7 3.Bd3 Nf6 4.Qe2 e6 5.Nh3 Be7 6.Ng5 c5 7.e5 Nd5 8.h4 Nc6
9.Nxf7 Kxf7 10.Qh5+ g6 11.Qf3+ Kg7 12.h5 Rf8 13.Bh6+ Kxh6 14.hxg6+ Bh4 15.Qh3
Nf4 16.Qg4 Nxd3+ 17.cxd3 hxg6 18.Rxh4+ Kg7 19.Nd2 Rh8 20.Rxh8 Qxh8 21.O-O-O
Nxd4 22.Re1 Qh5 23.Qf4 Rf8 24.Qe3 Qh6 25.Qg3 Qf4 26.Qh3 Rh8 27.Qe3 Qxe3
28.fxe3 Nf5 29.g4 Ng3 30.e4 Rh1 31.Rxh1 Nxh1 32.Nc4 Nf2 33.Nd6 Bc6 34.Ne8+ Kh6
35.Nf6 Nxd3+ 36.Kc2 Nxe5 {#R} 0-1

[Event "TV2 Elo Open 2017"]
[Site "Fagernes NOR"]
[Date "2017.04.11"]
[Round "3"]
[White "Nass,Maria"]
[Black "Gundersen,I"]
[Result "0-1"]
[WhiteElo "1659"]
[BlackElo "1825"]

1.e4 e5 2.Nf3 Nc6 3.Bb5 Nf6 4.Bxc6 dxc6 5.O-O Bg4 6.d3 Be7 7.Nbd2 Nd7 8.Re1
O-O 9.h3 Bh5 10.Nf1 Bg6 11.Ng3 c5 12.c3 Re8 13.d4 exd4 14.cxd4 cxd4 15.Nxd4
Bc5 16.Nf3 Ne5 17.Nxe5 Rxe5 18.Qxd8+ Rxd8 19.Bf4 Re7 20.Rac1 Bb6 21.e5 h6
22.Rcd1 Red7 23.Rxd7 Rxd7 24.b3 Rd3 25.Nf1 Bf5 26.Ne3 Be6 27.Nf1 Ba5 28.Re3
Rd1 29.Re2 Bd7 30.Rc2 Bb5 31.Rc1 Rd3 32.e6 fxe6 33.Bxc7 Bxc7 34.Rxc7 Rd1 {#R}
0-1

[Event "TV2 Elo Open 2017"]
[Site "Fagernes NOR"]
[Date "2017.04.11"]
[Round "3"]
[White "Tocklin,T"]
[Black "Grindbakken,Erik"]
[Result "1-0"]
[WhiteElo "1812"]
[BlackElo "1644"]

1.e4 e6 2.d4 d5 3.exd5 exd5 4.Bf4 Bd6 5.Bxd6 Qxd6 6.Nf3 Nf6 7.c3 Qb6 8.Qc2 O-O
9.Nbd2 Re8+ 10.Be2 Bg4 11.Nf1 Bxf3 12.gxf3 Nbd7 13.Ne3 c5 14.dxc5 Nxc5
15.O-O-O Rad8 16.Rd4 Ne6 17.Rb4 Qc7 18.Bb5 Rf8 19.Nf5 d4 20.Nxd4 Qf4+ 21.Qd2
Qxd2+ 22.Kxd2 a6 23.Bd3 Nxd4 24.Rxd4 Rxd4 25.cxd4 Rd8 26.Rc1 g6 27.Rc4 Rd6
28.Be4 b5 29.Rc8+ Kg7 30.Ke3 Nd7 31.Rc6 Rxc6 32.Bxc6 Nb6 33.b3 f5 34.d5 Kf6
35.Kd4 Ke7 36.Kc5 Nd7+ 37.Bxd7 Kxd7 38.Kb6 Kd6 39.Kxa6 b4 40.Kb5 Kxd5 41.Kxb4
{#r} 1-0